Name US States - Sudden Death - Statistics

General Stats
  • This quiz has been taken 255 times
  • The average score is 36 of 50
Answers on the Grid
Answers color-coded by a green-red scale on the quiz's grid according to % correct below.
Alaska
Arizona
Arkansas
California
Chicago
Colombus
Colorado
Columbia
Conneticut
Alabama
Idaho
Dakota
Delaware
Louisiana
Florida
Georgia
Hampshire
Hawaii
Illinois
Indiana
Iowa
Kansas
Kentucky
Maine
DC
Maryland
Massechusetts
Mexico
Michigan
Carolina
Minnesota
Mississippi
Missouri
Montana
North Carolina
Nebraska
Nevada
South Dakota
New Hampshire
New England
New Jersey
New Mexico
New York
Toronto
Pennsylvania
North Dakota
Ohio
Oregon
Puerto Rico
Rhode Island
Seattle
South Carolina
Oklahoma
Tennessee
Texas
York
Utah
Vermont
Virginia
Washington
West Virginia
Western Virginia
Yukon
Wisconsin
Wyoming
 
Answer Stats
Answer % Correct
Alaska
97%
Arizona
91%
Arkansas
89%
California
89%
Colorado
85%
Idaho
82%
Alabama
81%
Florida
78%
Conneticut
77%
Delaware
77%
Louisiana
77%
Hawaii
76%
Illinois
76%
Iowa
75%
Kentucky
75%
Maryland
75%
Georgia
74%
Indiana
74%
Kansas
74%
New Jersey
74%
Maine
72%
Michigan
72%
Missouri
72%
North Carolina
72%
South Dakota
72%
Minnesota
71%
Mississippi
71%
Montana
71%
Nevada
71%
New Mexico
70%
New York
70%
North Dakota
70%
Nebraska
69%
New Hampshire
69%
Ohio
69%
Pennsylvania
69%
Oklahoma
67%
South Carolina
67%
Tennessee
67%
Oregon
66%
Rhode Island
66%
Texas
66%
Utah
64%
Vermont
63%
Massechusetts
62%
Virginia
58%
Washington
58%
Wisconsin
58%
West Virginia
54%
Wyoming
54%
No matching quizzes found
Score Distribution
Percent of People with Each Score
Percentile by Number Answered
Your Score History
You have not taken this quiz